| 000 | 00546cam a2200217 4500 | ||
|---|---|---|---|
| 001 | J1977 | ||
| 008 | 090401t1991 xxu||||| |||| 00| 0 eng d | ||
| 035 | _a(Sirsi) u46585 | ||
| 041 | _aeng | ||
| 050 | _a711.73 | ||
| 110 |
_aKnight Frank and Rutley _91990 |
||
| 245 | 4 | _aThe M25 development report 1991. | |
| 260 |
_aLondon _bKnight Frank & Rutley _c1991 |
||
| 300 | _a15p. : ill. ; 30cm. | ||
| 350 | _a0 | ||
| 650 | _aBUSINESS SPACE | ||
| 650 | _aOFFICES | ||
| 690 | _aPROPERTY-COMMERCIAL PROPERTY | ||
| 942 | _n0 | ||
| 948 | _c04/03/1997 | ||
| 999 |
_c91950 _d91950 |
||